00291nam a2200121Ia 45000030006000000080041000060400015000471000017000622450030000792600031001095460012001400050017001520STCL150530s9999 xx 000 0 und d aSTCLcSTCL aMorris, J.E. aGreat Britain and Ireland bCambridge universityc1916 aEnglish20220125171436.0